000 00440nam a22001697a 4500
003 BD-ChCU
005 20260428104624.0
008 260428b bg ||||| |||| 00| 0 ben d
040 _cBD-ChCU
082 _a570 TOL
100 _aTortora , Gerard J.
_922018
245 _aLife Science ./
_cGerard , J. Tortora
260 _aNew York :
_bMacmillan
_cC 1972
300 _axi ,779p.
650 0 _aLife Sciences.
_922020
942 _2ddc
_cBK
_n0
999 _c112488
_d112488